[Event "Omladinci CS 2017"]
[Site "Kraljevo"]
[Date "2017.02.10"]
[Round "3.1"]
[White "Radovic, Janko"]
[Black "Stanojevic, Ilija"]
[Result "1/2-1/2"]
[BlackElo "2143"]
[WhiteElo "2294"]
[LiveChessVersion "1.4.7"]

1. e4 {[%clk 1:15:58]} e6 {[%clk 1:15:06]} 2. d4 {[%clk 1:16:24]} d5
{[%clk 1:15:25]} 3. Nc3 {[%clk 1:16:48]} Nf6 {[%clk 1:15:30]} 4. Bg5
{[%clk 1:17:05]} dxe4 {[%clk 1:15:47]} 5. Nxe4 {[%clk 1:16:25]} Be7
{[%clk 1:16:11]} 6. Nxf6+ {[%clk 1:14:32]} Bxf6 {[%clk 1:15:58]} 7. Bxf6
{[%clk 1:14:57]} Qxf6 {[%clk 1:16:22]} 8. Nf3 {[%clk 1:12:20]} O-O
{[%clk 1:14:55]} 9. Bd3 {[%clk 1:10:38]} Nc6 {[%clk 1:08:57]} 10. O-O
{[%clk 1:07:03]} e5 {[%clk 1:04:05]} 11. dxe5 {[%clk 1:05:22]} Nxe5
{[%clk 1:04:24]} 12. Nxe5 {[%clk 1:05:44]} Qxe5 {[%clk 1:04:49]} 13. c3
{[%clk 1:03:55]} Be6 {[%clk 1:04:45]} 1/2-1/2

[Event "Omladinci CS 2017"]
[Site "Kraljevo"]
[Date "2017.02.10"]
[Round "3.2"]
[White "Marjanovic, Ivan D"]
[Black "Ivic, Matija"]
[Result "0-1"]
[BlackElo "2271"]
[WhiteElo "2002"]
[LiveChessVersion "1.4.7"]

1. e4 {[%clk 1:15:57]} c5 {[%clk 1:15:41]} 2. c3 {[%clk 1:16:20]} g6
{[%clk 1:15:51]} 3. d4 {[%clk 1:16:43]} cxd4 {[%clk 1:16:19]} 4. cxd4
{[%clk 1:17:03]} d5 {[%clk 1:16:37]} 5. exd5 {[%clk 1:15:35]} Nf6
{[%clk 1:16:05]} 6. Nc3 {[%clk 1:15:43]} Bg7 {[%clk 1:16:25]} 7. Nf3
{[%clk 1:14:24]} O-O {[%clk 1:16:26]} 8. Be2 {[%clk 1:13:33]} Nxd5
{[%clk 1:15:44]} 9. O-O {[%clk 1:13:44]} Nb6 {[%clk 1:11:32]} 10. Be3
{[%clk 1:11:57]} Be6 {[%clk 1:09:08]} 11. Rc1 {[%clk 1:09:56]} Nc6
{[%clk 1:04:31]} 12. b3 {[%clk 1:07:19]} Qd7 {[%clk 1:01:14]} 13. Qd2
{[%clk 1:04:50]} Rfd8 {[%clk 1:01:12]} 14. Rfd1 {[%clk 1:04:53]} Nd5
{[%clk 1:00:23]} 15. Ne4 {[%clk 0:56:23]} Nxe3 {[%clk 0:59:45]} 16. fxe3
{[%clk 0:56:39]} Qd5 {[%clk 0:56:05]} 17. Nc5 {[%clk 0:54:35]} Bc8
{[%clk 0:53:23]} 18. Bc4 {[%clk 0:52:56]} Qh5 {[%clk 0:52:08]} 19. Be2
{[%clk 0:51:41]} Bh6 {[%clk 0:49:47]} 20. Ne4 {[%clk 0:48:12]} Qd5
{[%clk 0:49:24]} 21. Nc3 {[%clk 0:46:28]} Qa5 {[%clk 0:47:05]} 22. Kf2
{[%clk 0:36:34]} Bf5 {[%clk 0:42:39]} 23. Na4 {[%clk 0:32:28]} Qd5
{[%clk 0:39:53]} 24. Bd3 {[%clk 0:21:34]} Bg4 {[%clk 0:35:25]} 25. Rc5
{[%clk 0:19:04]} Qd6 {[%clk 0:35:22]} 26. Be4 {[%clk 0:16:32]} Bxf3
{[%clk 0:32:09]} 27. Bxf3 {[%clk 0:16:54]} Qxh2 {[%clk 0:32:21]} 28. Bxc6
{[%clk 0:15:15]} bxc6 {[%clk 0:32:46]} 29. Rxc6 {[%clk 0:15:27]} Rd5
{[%clk 0:32:57]} 30. Rc5 {[%clk 0:14:15]} Rd6 {[%clk 0:33:10]} 31. Kf3
{[%clk 0:10:40]} Rad8 {[%clk 0:30:33]} 32. Nc3 {[%clk 0:09:28]} Rf6+
{[%clk 0:29:11]} 33. Ke4 {[%clk 0:09:32]} Re6+ {[%clk 0:28:58]} 34. Kd3
{[%clk 0:08:26]} Bxe3 {[%clk 0:29:12]} 35. Qxe3 {[%clk 0:07:23]} Rxe3+
{[%clk 0:29:35]} 36. Kxe3 {[%clk 0:07:46]} Qg3+ {[%clk 0:29:52]} 0-1

[Event "Omladinci CS 2017"]
[Site "Kraljevo"]
[Date "2017.02.10"]
[Round "3.3"]
[White "Radovic, Luka"]
[Black "Ivanovic, Veljko"]
[Result "1-0"]
[BlackElo "1965"]
[WhiteElo "2254"]
[LiveChessVersion "1.4.7"]

1. Nf3 {[%clk 1:15:15]} c5 {[%clk 1:15:50]} 2. g3 {[%clk 1:15:03]} g6
{[%clk 1:15:15]} 3. Bg2 {[%clk 1:15:16]} Bg7 {[%clk 1:15:31]} 4. O-O
{[%clk 1:10:46]} Nc6 {[%clk 1:15:07]} 5. c4 {[%clk 1:10:43]} e5 {[%clk 1:12:53]}
6. Nc3 {[%clk 1:10:50]} Nge7 {[%clk 1:11:56]} 7. a3 {[%clk 1:10:24]} O-O
{[%clk 1:10:10]} 8. Rb1 {[%clk 1:09:57]} d5 {[%clk 0:58:17]} 9. cxd5
{[%clk 1:10:09]} Nxd5 {[%clk 0:58:42]} 10. Nxe5 {[%clk 0:59:38]} Nxc3
{[%clk 0:59:05]} 11. Nxc6 {[%clk 0:59:59]} Nxe2+ {[%clk 0:57:00]} 12. Qxe2
{[%clk 0:59:50]} bxc6 {[%clk 0:57:26]} 13. Bxc6 {[%clk 0:56:09]} Bf5
{[%clk 0:54:11]} 14. Be4 {[%clk 0:52:27]} Re8 {[%clk 0:51:26]} 15. d3
{[%clk 0:52:44]} Bxe4 {[%clk 0:40:07]} 16. dxe4 {[%clk 0:52:47]} Qd4
{[%clk 0:37:52]} 17. Re1 {[%clk 0:48:25]} f5 {[%clk 0:20:24]} 18. Be3
{[%clk 0:43:53]} Qxe4 {[%clk 0:19:26]} 19. Qb5 {[%clk 0:43:22]} Rab8
{[%clk 0:09:01]} 20. Qxc5 {[%clk 0:42:54]} Rxb2 {[%clk 0:05:02]} 21. Rxb2
{[%clk 0:41:50]} Bxb2 {[%clk 0:05:24]} 22. Qb5 {[%clk 0:37:58]} Qe5
{[%clk 0:02:35]} 23. Qb3+ {[%clk 0:37:43]} Kh8 {[%clk 0:00:34]} 24. Bd4
{[%clk 0:30:46]} Bxd4 {[%clk 0:00:34]} 25. Rxe5 {[%clk 0:31:04]} Bxe5
{[%clk 0:00:31]} 26. Qf7 {[%clk 0:31:15]} Rc8 {[%clk 0:00:38]} 27. Qxa7 1-0

[Event "Omladinci CS 2017"]
[Site "Kraljevo"]
[Date "2017.02.10"]
[Round "3.4"]
[White "Pantic, Milos"]
[Black "Djokic, Mihailo"]
[Result "1/2-1/2"]
[BlackElo "1872"]
[WhiteElo "1703"]
[LiveChessVersion "1.4.7"]

1. d4 {[%clk 1:15:57]} Nf6 {[%clk 1:15:55]} 2. c4 {[%clk 1:16:16]} g6
{[%clk 1:16:19]} 3. Nc3 {[%clk 1:16:27]} Bg7 {[%clk 1:16:43]} 4. g3
{[%clk 1:16:08]} O-O {[%clk 1:17:05]} 5. Bg2 {[%clk 1:16:23]} d6 {[%clk 1:17:21]}
6. Nf3 {[%clk 1:15:33]} Nc6 {[%clk 1:17:41]} 7. e4 {[%clk 1:08:32]} Bg4
{[%clk 1:16:56]} 8. h3 {[%clk 1:02:51]} Bxf3 {[%clk 1:17:18]} 9. Bxf3
{[%clk 1:03:11]} e5 {[%clk 1:17:42]} 10. d5 {[%clk 1:00:42]} Nd4 {[%clk 1:18:03]}
11. Bg2 {[%clk 1:00:39]} c5 {[%clk 1:17:54]} 12. dxc6 {[%clk 1:00:31]} bxc6
{[%clk 1:18:15]} 13. O-O {[%clk 0:57:18]} Qc7 {[%clk 1:18:13]} 14. Be3
{[%clk 0:52:49]} Rab8 {[%clk 1:14:46]} 15. b3 {[%clk 0:50:56]} Nh5
{[%clk 1:06:08]} 16. Rc1 {[%clk 0:41:40]} Qa5 {[%clk 0:57:34]} 17. Kh2
{[%clk 0:29:17]} Nf6 {[%clk 0:53:46]} 18. f4 {[%clk 0:25:21]} Nd7
{[%clk 0:50:31]} 19. f5 {[%clk 0:17:52]} Qa3 {[%clk 0:46:40]} 20. Qd2
{[%clk 0:16:09]} Nc5 {[%clk 0:44:28]} 21. f6 {[%clk 0:13:03]} Bh8
{[%clk 0:44:33]} 22. Bxd4 {[%clk 0:13:10]} exd4 {[%clk 0:44:55]} 23. Qxd4
{[%clk 0:13:18]} Ne6 {[%clk 0:42:19]} 24. Qe3 {[%clk 0:12:47]} Qc5
{[%clk 0:40:42]} 25. Qxc5 {[%clk 0:09:26]} Nxc5 {[%clk 0:41:07]} 26. Rcd1
{[%clk 0:09:30]} Rfd8 {[%clk 0:41:12]} 27. g4 {[%clk 0:09:07]} h6
{[%clk 0:40:37]} 28. h4 {[%clk 0:08:28]} a5 {[%clk 0:40:35]} 29. Ne2
{[%clk 0:06:28]} a4 {[%clk 0:33:11]} 30. bxa4 {[%clk 0:05:54]} Rb2
{[%clk 0:32:46]} 31. Nd4 {[%clk 0:04:55]} Nxe4 {[%clk 0:32:41]} 32. Nxc6
{[%clk 0:04:08]} Ra8 {[%clk 0:31:38]} 33. Kg1 {[%clk 0:03:44]} Rxg2+
{[%clk 0:30:33]} 34. Kxg2 {[%clk 0:03:58]} Nxf6 {[%clk 0:30:01]} 35. Rxd6
{[%clk 0:03:46]} Nxg4 {[%clk 0:30:02]} 36. Re1 {[%clk 0:03:13]} Rxa4
{[%clk 0:24:48]} 37. Re8+ {[%clk 0:02:18]} Kg7 {[%clk 0:24:42]} 38. Rdd8
{[%clk 0:02:17]} Rxc4 {[%clk 0:24:47]} 39. Nd4 {[%clk 0:02:25]} Ra4
{[%clk 0:24:26]} 40. Rxh8 {[%clk 0:17:28]} Rxa2+ {[%clk 0:39:18]} 41. Kg3
{[%clk 0:17:16]} Nf6 {[%clk 0:39:23]} 42. Ra8 {[%clk 0:16:52]} Rd2
{[%clk 0:39:22]} 43. Nb5 {[%clk 0:15:55]} Rd3+ 44. Kf4 Rh3 45. Nd6 Rd3 46. Kg3
1/2-1/2

[Event "Omladinci CS 2017"]
[Site "Kraljevo"]
[Date "2017.02.10"]
[Round "3.5"]
[White "Karaklic, Vojislav"]
[Black "Djokic, Miljko"]
[Result "0-1"]
[BlackElo "1978"]
[WhiteElo "1685"]
[LiveChessVersion "1.4.7"]

1. d4 {[%clk 1:15:58]} Nf6 {[%clk 1:15:58]} 2. c4 {[%clk 1:16:19]} c5
{[%clk 1:16:24]} 3. Nf3 {[%clk 1:14:44]} g6 {[%clk 1:16:18]} 4. Bg5
{[%clk 1:14:24]} Bg7 {[%clk 1:16:26]} 5. e3 {[%clk 1:13:37]} O-O {[%clk 1:16:26]}
6. Nc3 {[%clk 1:13:39]} d6 {[%clk 1:14:43]} 7. Be2 {[%clk 1:13:03]} Bf5
{[%clk 1:13:24]} 8. O-O {[%clk 1:11:08]} Nbd7 {[%clk 1:11:53]} 9. Nh4
{[%clk 1:09:32]} cxd4 {[%clk 1:04:45]} 10. exd4 {[%clk 1:08:07]} Nb6
{[%clk 1:03:40]} 11. Nxf5 {[%clk 1:06:56]} gxf5 {[%clk 1:04:04]} 12. Qd2
{[%clk 1:04:24]} Kh8 {[%clk 1:01:24]} 13. Bh6 {[%clk 1:02:20]} Rg8
{[%clk 1:00:42]} 14. Bxg7+ {[%clk 1:00:41]} Rxg7 {[%clk 1:01:10]} 15. Rad1
{[%clk 0:58:14]} Qg8 {[%clk 0:59:14]} 16. g3 {[%clk 0:57:43]} h5 {[%clk 0:57:56]}
17. Qf4 {[%clk 0:54:53]} Qh7 {[%clk 0:54:27]} 18. h4 {[%clk 0:52:41]} Rag8
{[%clk 0:53:36]} 19. b3 {[%clk 0:49:39]} Nbd7 {[%clk 0:52:45]} 20. Bd3
{[%clk 0:47:59]} Rg4 {[%clk 0:48:05]} 21. Qxf5 {[%clk 0:43:36]} Qg7
{[%clk 0:44:09]} 22. Ne2 {[%clk 0:38:24]} Rxh4 {[%clk 0:40:13]} 23. f3
{[%clk 0:38:18]} e6 {[%clk 0:40:01]} 24. Qb5 {[%clk 0:36:16]} Rh3
{[%clk 0:37:38]} 25. Kf2 {[%clk 0:35:46]} Rh2+ {[%clk 0:36:09]} 26. Ke1
{[%clk 0:35:22]} e5 {[%clk 0:35:01]} 27. dxe5 {[%clk 0:32:59]} Nxe5
{[%clk 0:35:01]} 28. Qxb7 {[%clk 0:31:26]} Re8 {[%clk 0:34:55]} 29. Be4
{[%clk 0:25:00]} Qg5 {[%clk 0:29:11]} 30. Rd2 {[%clk 0:20:45]} Qe3
{[%clk 0:27:16]} 31. Kd1 {[%clk 0:19:08]} Ned7 {[%clk 0:19:56]} 32. Bd3
{[%clk 0:16:48]} Kg7 {[%clk 0:17:48]} 33. f4 {[%clk 0:15:13]} Nc5
{[%clk 0:16:52]} 34. Qf3 {[%clk 0:15:14]} Nxd3 {[%clk 0:16:47]} 35. Rxd3
{[%clk 0:14:01]} Qxe2+ {[%clk 0:17:06]} 36. Qxe2 {[%clk 0:14:05]} Rexe2
{[%clk 0:17:26]} 37. Rxd6 {[%clk 0:14:07]} Rxa2 {[%clk 0:17:54]} 38. Ke1
{[%clk 0:14:23]} Ne4 {[%clk 0:17:55]} 39. Rd3 Nc3 {[%clk 0:17:27]} 0-1

[Event "Omladinci CS 2017"]
[Site "Kraljevo"]
[Date "2017.02.10"]
[Round "3.6"]
[White "Petrovic, Tamara"]
[Black "Bojicic, Andjela"]
[Result "0-1"]
[BlackElo "2171"]
[WhiteElo "1878"]
[LiveChessVersion "1.4.7"]

1. e4 {[%clk 1:14:09]} c5 {[%clk 1:15:54]} 2. Nf3 {[%clk 1:14:32]} d6
{[%clk 1:16:19]} 3. d4 {[%clk 1:14:57]} cxd4 {[%clk 1:16:45]} 4. Nxd4
{[%clk 1:15:22]} Nf6 {[%clk 1:17:10]} 5. Nc3 {[%clk 1:15:44]} g6 {[%clk 1:17:34]}
6. Be3 {[%clk 1:16:04]} Bg7 {[%clk 1:17:59]} 7. f3 {[%clk 1:14:27]} O-O
{[%clk 1:18:20]} 8. Qd2 {[%clk 1:14:53]} Nc6 {[%clk 1:18:45]} 9. O-O-O
{[%clk 1:15:16]} d5 {[%clk 1:19:13]} 10. Qe1 {[%clk 1:15:39]} e5 {[%clk 1:19:08]}
11. Nxc6 {[%clk 1:15:57]} bxc6 {[%clk 1:19:32]} 12. exd5 {[%clk 1:16:17]} Nxd5
{[%clk 1:19:55]} 13. Bc4 {[%clk 1:16:30]} Be6 {[%clk 1:19:09]} 14. Ne4
{[%clk 1:16:02]} Qc7 {[%clk 1:18:57]} 15. Bc5 {[%clk 1:16:23]} Rfd8
{[%clk 1:18:42]} 16. g4 {[%clk 1:14:27]} h6 {[%clk 1:17:17]} 17. h4
{[%clk 1:10:12]} Nf4 {[%clk 0:59:26]} 18. Bxe6 {[%clk 1:09:52]} Nxe6
{[%clk 0:58:31]} 19. Bd6 {[%clk 1:06:24]} Qb6 {[%clk 0:51:41]} 20. g5
{[%clk 0:53:31]} Nd4 {[%clk 0:42:44]} 21. Rf1 {[%clk 0:50:16]} Rxd6
{[%clk 0:36:53]} 22. Nxd6 {[%clk 0:50:33]} Qc5 {[%clk 0:35:36]} 23. Rxd4
{[%clk 0:34:39]} exd4 {[%clk 0:30:56]} 24. Ne4 {[%clk 0:32:41]} Qd5
{[%clk 0:24:37]} 25. Kb1 {[%clk 0:31:45]} h5 {[%clk 0:20:50]} 26. Qd2
{[%clk 0:21:46]} Rb8 {[%clk 0:18:25]} 27. Qd3 {[%clk 0:18:01]} c5
{[%clk 0:16:03]} 28. Nd2 {[%clk 0:18:18]} Rb4 {[%clk 0:13:31]} 29. b3
{[%clk 0:18:10]} a5 {[%clk 0:11:21]} 30. a4 {[%clk 0:11:49]} Qd7 {[%clk 0:07:24]}
31. Ka2 {[%clk 0:11:51]} Qh3 {[%clk 0:06:10]} 32. Qe4 {[%clk 0:10:50]} c4
{[%clk 0:04:11]} 33. Re1 {[%clk 0:09:27]} cxb3+ {[%clk 0:02:51]} 34. cxb3
{[%clk 0:09:48]} Qh2 {[%clk 0:02:26]} 35. Re2 {[%clk 0:08:50]} Qc7
{[%clk 0:02:15]} 36. Nb1 {[%clk 0:03:13]} Qc5 {[%clk 0:00:40]} 37. Rc2
{[%clk 0:02:33]} Qd6 {[%clk 0:00:38]} 38. Qd3 {[%clk 0:01:21]} Qe6
{[%clk 0:00:42]} 39. Kb2 {[%clk 0:00:33]} Qd7 {[%clk 0:00:58]} 40. Ka3
{[%clk 0:15:33]} Bf8 {[%clk 0:15:54]} 41. Ka2 {[%clk 0:10:17]} Qh3
{[%clk 0:13:14]} 42. Qe4 {[%clk 0:06:44]} Qd7 {[%clk 0:08:40]} 43. Qd3
{[%clk 0:07:02]} Rb8 {[%clk 0:08:57]} 44. Rc4 {[%clk 0:06:10]} Bg7
{[%clk 0:08:33]} 45. Rc5 {[%clk 0:03:08]} Qd8 {[%clk 0:06:26]} 46. Rc4
{[%clk 0:01:20]} Qd6 {[%clk 0:06:12]} 47. Na3 {[%clk 0:00:32]} Re8
{[%clk 0:04:55]} 48. Rc2 {[%clk 0:00:32]} Re3 {[%clk 0:04:37]} 49. Qd1
{[%clk 0:00:37]} Qb8 {[%clk 0:02:30]} 50. Rd2 {[%clk 0:00:34]} Qe8
{[%clk 0:01:46]} 51. Nc4 {[%clk 0:00:42]} Re1 {[%clk 0:02:11]} 52. Nd6
{[%clk 0:00:32]} Rxd1 {[%clk 0:02:21]} 53. Rxd1 {[%clk 0:00:40]} Qe2+ 0-1

[Event "Omladinci CS 2017"]
[Site "Kraljevo"]
[Date "2017.02.11"]
[Round "5.1"]
[White "Radovic, Janko"]
[Black "Ivic, Matija"]
[Result "1/2-1/2"]
[BlackElo "2271"]
[WhiteElo "2294"]
[LiveChessVersion "1.4.7"]

1. e4 {[%clk 1:15:58]} c5 {[%clk 1:15:53]} 2. c3 {[%clk 1:16:23]} g6
{[%clk 1:15:20]} 3. d4 {[%clk 1:16:50]} cxd4 {[%clk 1:15:44]} 4. cxd4
{[%clk 1:17:18]} d5 {[%clk 1:16:07]} 5. e5 {[%clk 1:17:45]} Bg7 {[%clk 1:16:25]}
6. Nc3 {[%clk 1:17:38]} Nh6 {[%clk 1:14:35]} 7. Nf3 {[%clk 1:16:29]} O-O
{[%clk 1:14:02]} 8. h3 {[%clk 1:15:59]} Nc6 {[%clk 1:11:38]} 9. Bb5
{[%clk 1:16:01]} f6 {[%clk 1:05:39]} 10. O-O {[%clk 1:14:40]} fxe5
{[%clk 0:58:24]} 11. dxe5 {[%clk 1:12:21]} e6 {[%clk 0:57:11]} 12. Re1
{[%clk 1:02:18]} Bd7 {[%clk 0:54:38]} 13. Bg5 {[%clk 0:50:06]} Qb6
{[%clk 0:50:59]} 14. Ba4 {[%clk 0:37:46]} Nf7 {[%clk 0:48:41]} 15. Bxc6
{[%clk 0:31:16]} Bxc6 1/2-1/2

[Event "Omladinci CS 2017"]
[Site "Kraljevo"]
[Date "2017.02.11"]
[Round "5.2"]
[White "Radovic, Luka"]
[Black "Stanojevic, Ilija"]
[Result "1-0"]
[BlackElo "2143"]
[WhiteElo "2254"]
[LiveChessVersion "1.4.7"]

1. Nf3 {[%clk 1:15:35]} d5 {[%clk 1:15:46]} 2. g3 {[%clk 1:15:44]} c6
{[%clk 1:16:00]} 3. Bg2 {[%clk 1:15:13]} Bg4 {[%clk 1:16:16]} 4. c4
{[%clk 1:14:20]} e6 {[%clk 1:16:37]} 5. O-O {[%clk 1:14:00]} Nf6 {[%clk 1:16:10]}
6. b3 {[%clk 1:13:01]} Be7 {[%clk 1:14:16]} 7. Bb2 {[%clk 1:13:23]} O-O
{[%clk 1:13:33]} 8. d3 {[%clk 1:13:29]} Nbd7 {[%clk 1:13:29]} 9. Nbd2
{[%clk 1:13:36]} Qa5 {[%clk 1:09:16]} 10. a3 {[%clk 1:10:14]} b5 {[%clk 1:06:25]}
11. Ra2 {[%clk 1:03:58]} bxc4 {[%clk 0:57:29]} 12. bxc4 {[%clk 1:04:14]} Rab8
{[%clk 0:48:39]} 13. Qa1 {[%clk 0:58:39]} Nc5 {[%clk 0:43:16]} 14. Bc3
{[%clk 0:54:02]} Qa4 {[%clk 0:39:47]} 15. Rb1 {[%clk 0:43:27]} Rxb1+
{[%clk 0:27:57]} 16. Qxb1 {[%clk 0:43:35]} Nfd7 {[%clk 0:27:24]} 17. Rb2
{[%clk 0:38:30]} a5 {[%clk 0:19:15]} 18. Qa1 {[%clk 0:32:50]} f6 {[%clk 0:15:27]}
19. d4 {[%clk 0:27:48]} Ne4 {[%clk 0:13:32]} 20. Nxe4 {[%clk 0:27:03]} dxe4
{[%clk 0:13:57]} 21. Nd2 {[%clk 0:27:10]} Bxe2 {[%clk 0:11:33]} 22. Bxe4
{[%clk 0:24:59]} Qxa3 {[%clk 0:03:52]} 23. Qxa3 {[%clk 0:15:06]} Bxa3
{[%clk 0:04:18]} 24. Rb7 {[%clk 0:15:26]} Nb8 {[%clk 0:04:29]} 25. Bxa5
{[%clk 0:15:32]} c5 {[%clk 0:01:38]} 26. Rb3 {[%clk 0:11:02]} Bc1
{[%clk 0:02:03]} 27. dxc5 {[%clk 0:11:23]} Na6 {[%clk 0:01:42]} 28. Re3
{[%clk 0:08:06]} Bxc4 {[%clk 0:01:28]} 29. Nxc4 {[%clk 0:07:59]} Bxe3
{[%clk 0:01:56]} 30. Nxe3 {[%clk 0:08:27]} Nxc5 {[%clk 0:02:12]} 31. Bf3
{[%clk 0:08:44]} Nd3 {[%clk 0:01:59]} 32. Be2 {[%clk 0:08:51]} Ra8
{[%clk 0:01:57]} 33. Bc3 {[%clk 0:07:53]} Nc5 {[%clk 0:01:14]} 34. Bc4
{[%clk 0:08:00]} Kf7 {[%clk 0:00:47]} 35. Bb4 {[%clk 0:07:59]} Nd7
{[%clk 0:00:38]} 36. f4 {[%clk 0:07:24]} g6 {[%clk 0:00:53]} 37. g4
{[%clk 0:06:56]} Rb8 {[%clk 0:00:38]} 38. Ba3 {[%clk 0:06:16]} Nb6
{[%clk 0:00:46]} 39. Bb3 {[%clk 0:04:25]} Rd8 {[%clk 0:00:53]} 40. f5
{[%clk 0:19:21]} gxf5 {[%clk 0:16:15]} 41. gxf5 {[%clk 0:19:10]} Rd3
{[%clk 0:05:57]} 42. fxe6+ {[%clk 0:18:46]} Ke8 {[%clk 0:05:22]} 43. Nf5
{[%clk 0:18:40]} Nc8 {[%clk 0:04:39]} 44. Ba4+ {[%clk 0:18:55]} Kd8
{[%clk 0:05:01]} 45. e7+ {[%clk 0:18:56]} Nxe7 {[%clk 0:05:24]} 46. Bxe7+
{[%clk 0:19:21]} Kc7 {[%clk 0:05:38]} 47. Bxf6 {[%clk 0:19:36]} Rf3
{[%clk 0:05:33]} 48. Bc2 {[%clk 0:19:53]} Kd7 {[%clk 0:05:25]} 49. Bd4
{[%clk 0:19:45]} Ke6 {[%clk 0:04:40]} 50. Kg2 {[%clk 0:19:43]} Ra3
{[%clk 0:04:13]} 51. Ne3 {[%clk 0:20:06]} h6 {[%clk 0:04:20]} 52. Kf3
{[%clk 0:20:35]} Kf7 {[%clk 0:04:27]} 53. h4 {[%clk 0:20:54]} Ra5
{[%clk 0:04:36]} 54. Kg4 {[%clk 0:21:02]} h5+ {[%clk 0:04:31]} 55. Kf4 1-0

[Event "Omladinci CS 2017"]
[Site "Kraljevo"]
[Date "2017.02.11"]
[Round "5.4"]
[White "Bojovic, Marko"]
[Black "Djokic, Mihailo"]
[Result "1/2-1/2"]
[BlackElo "1872"]
[WhiteElo "1731"]
[LiveChessVersion "1.4.7"]

1. d4 Nf6 2. c4 g6 3. Nc3 Bg7 4. e4 {[%clk 1:16:59]} d6 {[%clk 1:16:54]} 5. f3
{[%clk 1:17:21]} O-O {[%clk 1:17:14]} 6. Be3 {[%clk 1:17:44]} e5 7. d5
{[%clk 1:16:44]} c6 {[%clk 1:18:02]} 8. Qd2 {[%clk 1:14:19]} cxd5
{[%clk 1:18:25]} 9. cxd5 {[%clk 1:13:43]} a6 {[%clk 1:18:48]} 10. Bd3
{[%clk 1:13:13]} b5 {[%clk 1:18:50]} 11. Rc1 {[%clk 1:08:24]} Nbd7
{[%clk 1:18:40]} 12. b4 {[%clk 1:00:59]} Nb6 {[%clk 1:14:39]} 13. Qf2
{[%clk 0:59:20]} Nfd7 {[%clk 1:13:20]} 14. Qd2 {[%clk 0:55:01]} h6
{[%clk 1:12:26]} 15. h4 {[%clk 0:50:46]} Kh7 {[%clk 1:12:21]} 16. h5
{[%clk 0:47:57]} g5 {[%clk 1:12:36]} 17. g4 {[%clk 0:47:05]} Bb7 {[%clk 1:12:19]}
18. Nge2 {[%clk 0:46:59]} Rc8 {[%clk 1:12:41]} 19. O-O {[%clk 0:46:42]} Nc4
{[%clk 1:12:55]} 20. Bxc4 {[%clk 0:46:28]} Rxc4 {[%clk 1:13:24]} 21. Nb1
{[%clk 0:46:04]} Rxc1 {[%clk 1:11:21]} 22. Rxc1 {[%clk 0:46:26]} Qb8
{[%clk 1:08:59]} 23. Rc3 {[%clk 0:44:02]} Rc8 {[%clk 1:08:47]} 24. Qc2
{[%clk 0:43:15]} Bf6 {[%clk 1:08:17]} 25. Nd2 {[%clk 0:38:54]} Bd8
{[%clk 1:08:17]} 26. Ng3 {[%clk 0:38:27]} Rxc3 {[%clk 1:08:23]} 27. Qxc3
{[%clk 0:38:40]} Qc8 {[%clk 1:01:20]} 28. Qxc8 {[%clk 0:38:41]} Bxc8
{[%clk 1:01:02]} 29. Nf5 {[%clk 0:39:08]} Bc7 {[%clk 1:01:07]} 30. Kf1
{[%clk 0:34:16]} Nf6 31. Ng3 {[%clk 0:33:57]} Kg8 {[%clk 0:58:04]} 32. Ke2
{[%clk 0:33:09]} Kf8 {[%clk 0:58:03]} 33. Kd3 {[%clk 0:32:59]} Ke8
{[%clk 0:58:12]} 34. Kc3 {[%clk 0:31:42]} Kd8 {[%clk 0:57:04]} 35. Kb3
{[%clk 0:31:17]} Bd7 {[%clk 0:57:17]} 1/2-1/2

[Event "Omladinci CS 2017"]
[Site "Kraljevo"]
[Date "2017.02.11"]
[Round "5.5"]
[White "Pantic, Milos"]
[Black "Jovanovic, Pavle M"]
[Result "1/2-1/2"]
[BlackElo "1770"]
[WhiteElo "1703"]
[LiveChessVersion "1.4.7"]

1. d4 {[%clk 1:15:56]} f5 {[%clk 1:14:52]} 2. c4 {[%clk 1:15:59]} e6
{[%clk 1:14:28]} 3. Nc3 {[%clk 1:15:11]} Nf6 {[%clk 1:14:21]} 4. Qc2
{[%clk 1:13:56]} d5 {[%clk 1:13:39]} 5. Nf3 {[%clk 1:11:46]} Be7 {[%clk 1:12:04]}
6. cxd5 {[%clk 1:10:54]} exd5 {[%clk 1:11:45]} 7. Bf4 {[%clk 1:11:01]} c6
{[%clk 1:11:27]} 8. e3 {[%clk 1:10:32]} O-O {[%clk 1:11:40]} 9. h3
{[%clk 1:02:05]} Ne4 {[%clk 1:09:48]} 10. Bd3 {[%clk 0:59:32]} Bd6
{[%clk 1:07:33]} 11. Bxd6 {[%clk 0:57:45]} Qxd6 {[%clk 1:07:34]} 12. O-O
{[%clk 0:54:15]} Be6 {[%clk 1:06:01]} 13. Ne5 {[%clk 0:46:05]} Nd7
{[%clk 1:03:41]} 14. f4 {[%clk 0:43:54]} Qe7 {[%clk 1:01:35]} 15. Bxe4
{[%clk 0:42:02]} fxe4 {[%clk 1:01:36]} 16. a3 {[%clk 0:37:38]} Nxe5
{[%clk 0:56:51]} 17. fxe5 {[%clk 0:37:18]} Qg5 {[%clk 0:55:47]} 18. Qe2
{[%clk 0:30:48]} Bxh3 {[%clk 0:52:57]} 19. Na4 {[%clk 0:25:16]} Bg4
{[%clk 0:48:15]} 20. Qd2 {[%clk 0:25:09]} b6 {[%clk 0:45:00]} 21. Rac1
{[%clk 0:24:41]} Rxf1+ {[%clk 0:43:54]} 22. Rxf1 {[%clk 0:25:01]} Rf8
{[%clk 0:34:37]} 23. Rxf8+ {[%clk 0:24:34]} Kxf8 {[%clk 0:34:59]} 24. Qf2+
{[%clk 0:24:29]} Ke7 {[%clk 0:34:52]} 25. b4 {[%clk 0:21:59]} Be6
{[%clk 0:28:55]} 26. Qf4 {[%clk 0:19:29]} Qxf4 {[%clk 0:27:20]} 27. exf4
{[%clk 0:19:50]} h6 {[%clk 0:27:18]} 28. Kf2 {[%clk 0:19:49]} Kf7
{[%clk 0:27:00]} 29. Nc3 {[%clk 0:19:03]} g5 {[%clk 0:25:35]} 30. fxg5
{[%clk 0:14:28]} hxg5 {[%clk 0:26:02]} 31. Ne2 {[%clk 0:12:51]} Kg6
{[%clk 0:25:55]} 32. Ng3 {[%clk 0:12:31]} g4 {[%clk 0:25:27]} 33. Ke3
{[%clk 0:12:45]} Kg5 {[%clk 0:25:26]} 34. Ne2 {[%clk 0:12:39]} Kh4
{[%clk 0:21:13]} 35. g3+ {[%clk 0:11:36]} Kg5 {[%clk 0:20:00]} 1/2-1/2

[Event "Omladinci CS 2017"]
[Site "Kraljevo"]
[Date "2017.02.11"]
[Round "5.6"]
[White "Miljkovic, Jovana"]
[Black "Petrovic, Tijana"]
[Result "1-0"]
[BlackElo "1774"]
[WhiteElo "2034"]
[LiveChessVersion "1.4.7"]

1. g3 {[%clk 1:15:58]} c5 {[%clk 1:15:16]} 2. Bg2 {[%clk 1:16:12]} g6
{[%clk 1:15:24]} 3. c4 {[%clk 1:16:34]} Bg7 {[%clk 1:15:45]} 4. Nc3
{[%clk 1:16:59]} d6 {[%clk 1:15:48]} 5. a3 {[%clk 1:16:44]} Nc6 {[%clk 1:15:07]}
6. Rb1 {[%clk 1:16:02]} a5 {[%clk 1:14:47]} 7. e4 {[%clk 1:15:26]} e5
{[%clk 1:14:06]} 8. Nge2 {[%clk 1:15:24]} Nge7 {[%clk 1:14:30]} 9. O-O
{[%clk 1:15:37]} O-O {[%clk 1:14:55]} 10. d3 {[%clk 1:15:42]} f5 {[%clk 1:10:20]}
11. f4 {[%clk 1:10:48]} Be6 {[%clk 1:02:11]} 12. Nd5 {[%clk 1:08:28]} Nd4
{[%clk 0:59:26]} 13. Nxd4 {[%clk 1:03:15]} cxd4 {[%clk 0:59:15]} 14. Nxe7+
{[%clk 1:03:06]} Qxe7 {[%clk 0:59:23]} 15. b4 {[%clk 1:02:40]} axb4
{[%clk 0:58:40]} 16. Rxb4 {[%clk 1:01:34]} Qc7 {[%clk 0:57:23]} 17. exf5
{[%clk 0:58:55]} Bxf5 {[%clk 0:56:23]} 18. Rxb7 {[%clk 0:57:44]} Qc8
{[%clk 0:56:08]} 19. Qb3 {[%clk 0:52:58]} Be6 {[%clk 0:54:43]} 20. Bd2
{[%clk 0:49:31]} Bh6 {[%clk 0:51:23]} 21. Qb4 {[%clk 0:45:37]} exf4
{[%clk 0:47:09]} 22. Qxd6 {[%clk 0:32:19]} Rd8 {[%clk 0:32:44]} 23. Qe7
{[%clk 0:31:06]} Bd7 {[%clk 0:31:59]} 24. Bd5+ {[%clk 0:29:21]} Kh8
{[%clk 0:31:42]} 25. Bxf4 {[%clk 0:29:22]} Bf8 {[%clk 0:31:57]} 26. Be5+
{[%clk 0:29:32]} 1-0